000 00362nam a2200133Ia 4500
008 151001s9999||||xx |||||||||||||| ||und||
100 _aमाणक तिवाडी
245 _aभारतीय संविधान कथ्य तथ्य
250 _a1
260 _bकलासन
260 _c2004
300 _a88
365 _b21
999 _c989079
_d989076